000
00322nam a2200145Ia 4500
100
_a
Dieter/George.
942
_c
BK
366
_f
15
654
_a
Mechanical Metallurgy
245
_a
Mechanical Metallurgy.
260
_b
Mcgrqwhill Book Company.
_a
London.
082
_a
620.1/DIE
300
_a
751
546
_a
ENGLISH
999
_c
31531
_d
31531